000 01077cam a2200325 a 4500
001 6603
003 FISKH
005 20250513102647.0
008 040519s2005 mnua j b 001 0 eng
010 _a 2004011970
020 _a0736836438 (hardcover)
020 _a9780736851015
040 _aDLC
_cDLC
_dDLC
_beng
050 _aQL544.2 .H69
082 _a595.78
100 1 _aHoward, Fran,
_d1953-
245 1 0 _aButterflies /
_cby Fran Howard ; consulting editor, Gail Saunders-Smith ; consultant Gary A. Dunn.
260 _aMankato :
_bCapstone Press,
_c2005.
300 _a24 pages :
_bcolor illustrations ;
_c23 x 28cm.
440 0 _aPebble plus.
_pBugs, bugs, bugs!
504 _aIncludes bibliographical references (p. 23) and index.
505 _aG
520 _aSimple text and photographs describe the physical characteristics of butterflies.
521 8 _a380
_bLexile
521 8 _aG
_bRaz-Plus
650 0 _aButterflies
_vJuvenile literature.
906 _a7
_bcbc
_corignew
_d1
_eecip
_f20
_gy-gencatlg
942 _2ddc
_cBK
_n0
999 _c6603
_d6603